[Event "DVM U16 2012"]
[Site "Naumburg (Saale) GER"]
[Date "2012.12.29"]
[Round "5"]
[White "Stoer, Nathan"]
[Black "Caprita, Victor"]
[Result "1-0"]
[Termination "normal"]
[Board "7.3"]
[WhiteElo "1706"]
[BlackElo "1482"]
[WhiteTeam "SV Mülheim-Nord 1931"]
[BlackTeam "BSG Grün-Weiß Leipzig"]
[WhiteFideId "1271569"]
[BlackFideId "12946125"]
[EventCountry "GER"]
[EventRounds "7"]
[EventType "team-swiss"]
[EventDate "2012.12.26"]

1. Nf3 d5 2. g3 Nf6 3. Bg2 e6 4. d3 Bc5 5. O-O Nc6 6. Nbd2 O-O 7. Re1 b6 8. e4
dxe4 9. Nxe4 Nxe4 10. Rxe4 Bb7 11. Rh4 Qe7 12. Ng5 h6 13. Qh5 Rad8 14. Ne4 Rd5
15. Qe2 Nd4 16. Qd1 Nf5 17. Rg4 Ba8 18. Bd2 Rdd8 19. Nxc5 Bxg2 20. Kxg2 Qxc5
21. Bc3 Qc6+ 22. Kg1 Kh7 23. Qe2 Qd5 24. a3 a5 25. Re1 Rc8 26. Rf4 Rg8 27. Qh5
Rgf8 28. Re5 Qd7 29. g4 g6 30. Qh3 Ne7 31. g5 h5 32. Rh4 Nd5 33. Rxd5 1-0

[Event "DVM U16 2012"]
[Site "Naumburg (Saale) GER"]
[Date "2012.12.29"]
[Round "5"]
[White "Schaefer, Matthes"]
[Black "Kremer, Moritz"]
[Result "0-1"]
[Termination "normal"]
[Board "7.4"]
[WhiteElo "1344"]
[BlackElo "1725"]
[WhiteTeam "BSG Grün-Weiß Leipzig"]
[BlackTeam "SV Mülheim-Nord 1931"]
[WhiteFideId "12946117"]
[BlackFideId "1270623"]
[EventCountry "GER"]
[EventRounds "7"]
[EventType "team-swiss"]
[EventDate "2012.12.26"]

1. e4 e6 2. d4 d5 3. exd5 exd5 4. Nf3 Nf6 5. Bd3 Bd6 6. O-O O-O 7. Bg5 Bg4 8.
Nbd2 c6 9. c3 Nbd7 10. Qc2 Qc7 11. Rfe1 Rfe8 12. Rac1 Bh5 13. Bh4 Bg6 14. Bg3
Bxg3 15. fxg3 Bxd3 16. Qxd3 Qb6 17. b3 a5 18. Kh1 g6 19. Rf1 Ne4 20. Rce1 f5
21. c4 Re7 22. cxd5 cxd5 23. Rc1 Rae8 24. Ng1 Ndf6 25. Nxe4 fxe4 26. Qe3 Qe6
27. h3 Nh5 28. g4 Ng7 29. Ne2 Qd6 30. Nf4 Ne6 31. Nxe6 Qxe6 32. Rc2 Qa6 33.
Rcf2 Kg7 34. Rf4 Qe6 35. Kg1 Rc8 36. R1f2 Qc6 37. Rf1 Rcc7 38. Kh1 Qc3 39. Rf7+
Rxf7 40. Rxf7+ Kxf7 41. Qf4+ Kg8 0-1

[Event "DVM U16 2012"]
[Site "Naumburg (Saale) GER"]
[Date "2012.12.29"]
[Round "5"]
[White "Grimm, Julius"]
[Black "Basaran, Mehmet"]
[Result "1-0"]
[Termination "normal"]
[Board "8.1"]
[WhiteElo "1850"]
[BlackElo "1749"]
[WhiteTeam "SV Schachforum Darmstadt 1994"]
[BlackTeam "SV Unterkochen"]
[WhiteFideId "12916986"]
[BlackFideId "12929042"]
[EventCountry "GER"]
[EventRounds "7"]
[EventType "team-swiss"]
[EventDate "2012.12.26"]

1. d4 Nf6 2. c4 g6 3. g3 Bg7 4. Bg2 d6 5. Nf3 O-O 6. Nc3 Nbd7 7. O-O e5 8. e4
Re8 9. h3 h6 10. Re1 exd4 11. Nxd4 Nc5 12. Kh2 Ne6 13. Be3 Nd7 14. Qd2 Nxd4 15.
Bxd4 Bxd4 16. Qxd4 Qf6 17. Qd2 Ne5 18. Nd5 Qd8 19. f4 Nd7 20. Qd4 c6 21. Ne3
Qf6 22. Rad1 Qxd4 23. Rxd4 Nf6 24. Nd1 d5 25. e5 dxc4 26. Ne3 Nd7 27. Nxc4 Nb6
28. Nd6 Rd8 29. Red1 Rb8 30. Nxc8 Rxd4 31. Ne7+ Kf8 32. Nxg6+ fxg6 33. Rxd4 Ke7
34. Rd6 Rg8 35. Be4 Nc4 36. Rxg6 Rxg6 37. Bxg6 Nxb2 38. f5 Nc4 39. f6+ Ke6 40.
f7 Ke7 41. e6 Ne5 42. Bf5 c5 43. Kg2 b5 44. Kf2 a5 45. Ke2 b4 46. Kd2 c4 47.
Kc2 Nc6 48. Be4 Nd4+ 49. Kb1 a4 50. Bd5 c3 51. g4 b3 52. axb3 axb3 53. Bc4 Nf3
54. Bxb3 Ng5 55. h4 Nf3 56. h5 Ng5 57. Bd5 Nh3 58. Be4 Ng5 59. Bf5 Nf3 60. Kc2
Ng5 61. Kxc3 Nf3 62. Kc4 Ne5+ 63. Kd5 Nf3 64. Kc4 Ne5+ 65. Kd5 Nf3 66. f8=Q+
Kxf8 67. Kd6 1-0

[Event "DVM U16 2012"]
[Site "Naumburg (Saale) GER"]
[Date "2012.12.29"]
[Round "5"]
[White "Wallinger, Lukas"]
[Black "Tibke, Jonas"]
[Result "1/2-1/2"]
[Termination "normal"]
[Board "8.2"]
[WhiteElo "1551"]
[BlackElo "1945"]
[WhiteTeam "SV Unterkochen"]
[BlackTeam "SV Schachforum Darmstadt 1994"]
[WhiteFideId "1272003"]
[BlackFideId "12928356"]
[EventCountry "GER"]
[EventRounds "7"]
[EventType "team-swiss"]
[EventDate "2012.12.26"]

1. e4 e5 2. Nf3 d6 3. d4 exd4 4. Nxd4 Nf6 5. Nc3 Be7 6. Be3 O-O 7. Bc4 a6 8. a4
Bd7 9. O-O Nc6 10. Qd2 Re8 11. Rfe1 Ng4 12. Bf4 Bf6 13. Nxc6 Bxc6 14. h3 Ne5
15. Bb3 Ng6 16. Bd5 Bxc3 17. bxc3 Qd7 18. Bg3 Bxd5 19. exd5 Rxe1+ 20. Qxe1 Re8
21. Qd2 a5 22. Qd4 b6 23. Kf1 Qf5 24. Qd3 Qe4 25. c4 Qxd3+ 26. cxd3 Ne5 27.
Bxe5 Rxe5 28. Re1 f5 29. d4 Rxe1+ 30. Kxe1 Kf7 31. Kd2 Kf6 32. Ke3 1/2-1/2

[Event "DVM U16 2012"]
[Site "Naumburg (Saale) GER"]
[Date "2012.12.29"]
[Round "5"]
[White "Nothnagel, Marian Can"]
[Black "Haidl, Richard"]
[Result "1/2-1/2"]
[Termination "normal"]
[Board "8.3"]
[WhiteElo "1754"]
[BlackElo "1508"]
[WhiteTeam "SV Schachforum Darmstadt 1994"]
[BlackTeam "SV Unterkochen"]
[WhiteFideId "12921530"]
[BlackFideId "12962422"]
[EventCountry "GER"]
[EventRounds "7"]
[EventType "team-swiss"]
[EventDate "2012.12.26"]

1. e4  e5  2. Nf3  Nc6 3. Bb5 a6 4. Ba4 Nf6 5. O-O d6 6. Re1 Be7 7. c3 b5 8.
Bb3 Bg4 9. d3 O-O 10. Nbd2 Na5 11. Bc2 c5 12. Nf1 h6 13. h3 Be6 14. Be3 Qc7 15.
d4 cxd4 16. cxd4 Nc4 17. d5 Bd7 18. b3 Nxe3 19. Nxe3 Rac8 20. Rc1 Qa5 21. Bb1
Rxc1 22. Qxc1 Rc8 23. Qd2 Bd8 24. Nc2 Qc3 25. Qxc3 Rxc3 26. Re3 Ba5 27. b4 Rxe3
28. fxe3 Bb6 29. Nd2 Kh7 1/2-1/2

[Event "DVM U16 2012"]
[Site "Naumburg (Saale) GER"]
[Date "2012.12.29"]
[Round "5"]
[White "Yankelevich, Lev"]
[Black "Peczely, Sebastian Zsombor"]
[Result "1/2-1/2"]
[Termination "normal"]
[Board "9.1"]
[WhiteElo "2177"]
[BlackElo "2064"]
[WhiteTeam "SG Trier"]
[BlackTeam "Schachgemeinschaft Leipzig"]
[WhiteFideId "24684074"]
[BlackFideId "750964"]
[EventCountry "GER"]
[EventRounds "7"]
[EventType "team-swiss"]
[EventDate "2012.12.26"]

1. e4 c5 2. Nf3 e6 3. d4 cxd4 4. Nxd4 Nc6 5. Nc3 Qc7 6. g3 a6 7. Bg2 Nf6 8. O-O
Be7 9. Re1 O-O 10. Nxc6 dxc6 11. e5 Rd8 12. Qe2 Nd5 13. Qc4 Nb4 14. Qe2 b5 15.
a4 Bb7 16. Bf4 h6 17. h4 Nd5 18. Nxd5 cxd5 19. axb5 Qb6 20. bxa6 Bxa6 21. Qg4
Kf8 22. Ra2 Be2 23. Qxe2 Rxa2 24. Bc1 Bc5 25. Rf1 Bd4 26. c4 dxc4 27. Qxc4 Ra1
28. Kh2 Qc5 29. Qxc5+ Bxc5 30. Be3 Ra5 1/2-1/2

[Event "DVM U16 2012"]
[Site "Naumburg (Saale) GER"]
[Date "2012.12.29"]
[Round "5"]
[White "Kreyssig, Robert"]
[Black "Bauer, Lukas"]
[Result "1-0"]
[Termination "normal"]
[Board "9.2"]
[WhiteElo "1991"]
[BlackElo "1689"]
[WhiteTeam "Schachgemeinschaft Leipzig"]
[BlackTeam "SG Trier"]
[WhiteFideId "4662881"]
[BlackFideId "12907715"]
[EventCountry "GER"]
[EventRounds "7"]
[EventType "team-swiss"]
[EventDate "2012.12.26"]

1. d4 d5 2. c4 c6 3. Nc3 Nf6 4. cxd5 cxd5 5. Bf4 a6 6. e3 Nc6 7. Bd3 Bg4 8. Nf3
e6 9. Qb3 Bb4 10. O-O Bxf3 11. gxf3 Nh5 12. Bg3 Nxg3 13. hxg3 Rb8 14. Rac1 Bxc3
15. Rxc3 O-O 16. Qc2 h6 17. a3 e5 18. dxe5 Nxe5 19. f4 Ng4 20. Bh7+ Kh8 21. Bf5
Nf6 22. Rd1 Qb6 23. Rd4 Rg8 24. Rc7 g6 25. Rb4 Qd6 26. Bh3 Kg7 27. Rbxb7 Rxb7
28. Rxb7 d4 29. exd4 Qxd4 30. Qb3 Rf8 31. Qc3 Qd1+ 32. Bf1 Qd5 33. Rb6 Qd8 34.
Rxa6 h5 35. b4 1-0

[Event "DVM U16 2012"]
[Site "Naumburg (Saale) GER"]
[Date "2012.12.29"]
[Round "5"]
[White "Kim, Yun-Ghi"]
[Black "Heber, Markus"]
[Result "0-1"]
[Termination "normal"]
[Board "9.3"]
[WhiteElo "1745"]
[BlackElo "1547"]
[WhiteTeam "SG Trier"]
[BlackTeam "Schachgemeinschaft Leipzig"]
[WhiteFideId "12925888"]
[BlackFideId "12964395"]
[EventCountry "GER"]
[EventRounds "7"]
[EventType "team-swiss"]
[EventDate "2012.12.26"]

1. d4 Nf6 2. c4 c5 3. d5 b5 4. f3 d6 5. e4 bxc4 6. Bxc4 g6 7. Nc3 Bg7 8. Nge2
O-O 9. O-O Nbd7 10. f4 Rb8 11. Rb1 Rb4 12. Qd3 Nb6 13. Bb5 a6 14. Bc6 Nxe4 15.
Nxe4 Rxe4 16. Qxe4 Bf5 17. Qf3 Bxb1 18. Bd2 Bf5 19. Ba5 Qb8 20. g4 Bd7 21. Bxb6
Bxc6 22. Bxc5 Bb5 23. Ba3 Qb7 24. Rd1 Rc8 25. Nc3 Qb6+ 26. Kg2 Bxc3 27. bxc3
Qa5 28. Bb2 Qxa2 29. Rd2 Qb3 30. f5 Bc4 31. Ba1 Rc5 32. Kg3 Rxd5 33. Rxd5 Bxd5
34. Qe2 Qb7 35. fxg6 hxg6 0-1

[Event "DVM U16 2012"]
[Site "Naumburg (Saale) GER"]
[Date "2012.12.29"]
[Round "5"]
[White "Wildermuth, Tim"]
[Black "Bach, Marc-Andre"]
[Result "1-0"]
[Termination "normal"]
[Board "9.4"]
[WhiteElo "1601"]
[BlackElo "1720"]
[WhiteTeam "Schachgemeinschaft Leipzig"]
[BlackTeam "SG Trier"]
[WhiteFideId "12946109"]
[BlackFideId "1270773"]
[EventCountry "GER"]
[EventRounds "7"]
[EventType "team-swiss"]
[EventDate "2012.12.26"]

1. e4  e6  2. d4 d5 3. Nd2 Nf6 4. e5 Nfd7 5. Bd3 c5 6. c3 Nc6 7. Ne2 Qb6 8. Nf3
Be7 9. O-O cxd4 10. cxd4 f6 11. Nf4 fxe5 12. Nxe6 Bf6 13. dxe5 Ncxe5 14. Nf4
Qd6 15. Nxd5 Kf8 16. Nxf6 Nxf3+ 17. Qxf3 Qxf6 18. Qh5 h6 19. Re1 Qd8 20. Bg5
Nf6 21. Bxf6 gxf6 22. Qc5+ Kf7 23. Bc4+ Kg6 24. Rad1 Qf8 25. Re7 Bf5 26. Qe3
1-0

[Event "DVM U16 2012"]
[Site "Naumburg (Saale) GER"]
[Date "2012.12.29"]
[Round "5"]
[White "Pilat, Fabian"]
[Black "Schulz, Lukas"]
[Result "1/2-1/2"]
[Termination "normal"]
[Board "10.1"]
[WhiteElo "1939"]
[BlackElo "1872"]
[WhiteTeam "SG Bochum 1931"]
[BlackTeam "SC Höchstadt/Aisch"]
[WhiteFideId "24683396"]
[BlackFideId "12924881"]
[EventCountry "GER"]
[EventRounds "7"]
[EventType "team-swiss"]
[EventDate "2012.12.26"]

1. e4 d6 2. Nc3 g6 3. Bc4 Bg7 4. f4 c5 5. Nf3 e6 6. d3 Nc6 7. a3 Nge7 8. O-O b6
9. Qe1 Bb7 10. f5 gxf5 11. Ng5 Bd4+ 12. Kh1 Ne5 13. Bb5+ Kf8 14. Ne2 N5g6 15.
Nxd4 cxd4 16. Nf3 a6 17. Bh6+ Kg8 18. Ba4 d5 19. e5 Qc7 20. Qg3 b5 21. Bb3 Nc6
22. Rae1 Re8 23. Rf2 f6 24. Rfe2 Kf7 25. exf6 Qxg3 26. hxg3 Kxf6 27. Bxd5 e5
28. Bg5+ Kg7 29. Bxc6 Bxc6 30. Nxe5 Nxe5 31. Rxe5 Rxe5 32. Rxe5 Re8 33. Rxe8
Bxe8 34. Be7 Bh5 35. Bc5 Bd1 36. Bxd4+ Kf7 37. c4 Be2 38. c5 Ke6 39. Bc3 Bxd3
40. Kg1 Kd5 41. Bb4 Be4 42. Kf2 Kc4 43. Ke3 Kb3 44. Bc3 Kc4 45. Bb4 Kb3 46. Bc3
1/2-1/2

[Event "DVM U16 2012"]
[Site "Naumburg (Saale) GER"]
[Date "2012.12.29"]
[Round "5"]
[White "Koch, Christian"]
[Black "Fistoul, Boris"]
[Result "0-1"]
[Termination "normal"]
[Board "10.2"]
[WhiteElo "1742"]
[BlackElo "1654"]
[WhiteTeam "SC Höchstadt/Aisch"]
[BlackTeam "SG Bochum 1931"]
[WhiteFideId "1272124"]
[BlackFideId "12953962"]
[EventCountry "GER"]
[EventRounds "7"]
[EventType "team-swiss"]
[EventDate "2012.12.26"]

1. e4 e6 2. Nc3 b6 3. g3 Bb7 4. Bg2 f5 5. d3 Bb4 6. Bd2 Nf6 7. Nge2 O-O 8. O-O
fxe4 9. Nxe4 Bxe4 10. dxe4 Bxd2 11. e5 Bh6 12. exf6 c6 13. fxg7 Bxg7 14. c3 d5
15. Nf4 Qf6 16. Re1 e5 17. Nd3 e4 18. Nf4 Bh6 19. Nh3 Na6 20. Bf1 Nc5 21. b4
Ne6 22. Qe2 b5 23. Bg2 a5 24. Rf1 axb4 25. cxb4 Nd4 26. Qd1 Nf3+ 27. Bxf3 Qxf3
28. Qc2 Qf6 29. a4 bxa4 30. Rxa4 Rxa4 31. Qxa4 Qe6 32. Kg2 e3 33. Qc2 d4 34.
Qd3 Qd5+ 35. f3 Rb8 36. Rb1 c5 37. Qa6 Bg7 38. Nf4 Qf7 39. b5 Qc4 40. Qe6+ Qxe6
41. Nxe6 c4 42. Nxd4 Bxd4 43. Kf1 c3 44. Ke2 Rc8 45. Kd3 c2 46. Rc1 e2 47. Kxd4
Rd8+ 48. Kc5 Rd1 49. Rxc2 e1=Q 50. Kb6 Qe3+ 0-1

[Event "DVM U16 2012"]
[Site "Naumburg (Saale) GER"]
[Date "2012.12.29"]
[Round "5"]
[White "Fistoul, Ilja"]
[Black "Mönius, Alexander"]
[Result "0-1"]
[Termination "normal"]
[Board "10.3"]
[WhiteElo "1605"]
[BlackElo "1747"]
[WhiteTeam "SG Bochum 1931"]
[BlackTeam "SC Höchstadt/Aisch"]
[WhiteFideId "12953580"]
[BlackFideId "12949795"]
[EventCountry "GER"]
[EventRounds "7"]
[EventType "team-swiss"]
[EventDate "2012.12.26"]

1. e4 d6 2. d4 Nf6 3. Nc3 g6 4. Nf3 Bg7 5. Bc4 O-O 6. h3 c5 7. dxc5 Qa5 8. Bd2
Qxc5 9. Bb3 Nbd7 10. O-O b6 11. Qc1 Bb7 12. Re1 Rfd8 13. Bh6 Bh8 14. Bxf7+ Kxf7
15. Ng5+ Kg8 16. Ne6 Qh5 17. Nxd8 Rxd8 18. f3 Bg7 19. Bxg7 Kxg7 20. Qe3 Qc5 21.
Rad1 Qb5 22. b3 Rc8 23. Nd5 Bxd5 24. exd5 Qc5 25. c4 Qxe3+ 26. Rxe3 Ng8 27.
Rde1 Rf8 28. g3 Rf5 29. f4 h6 30. Kg2 Rf7 31. h4 Ngf6 32. b4 Rf8 33. Ra3 Rc8
34. Rc3 Nxd5 35. Ra3 Rxc4 36. Rxa7 Rxb4 37. Rd1 Ne3+ 0-1

[Event "DVM U16 2012"]
[Site "Naumburg (Saale) GER"]
[Date "2012.12.29"]
[Round "5"]
[White "Mönius, Oliver"]
[Black "Schwerdtfeger, Lukas"]
[Result "1/2-1/2"]
[Termination "normal"]
[Board "10.4"]
[WhiteElo "1331"]
[BlackElo "1418"]
[WhiteTeam "SC Höchstadt/Aisch"]
[BlackTeam "SG Bochum 1931"]
[WhiteFideId "12949906"]
[EventCountry "GER"]
[EventRounds "7"]
[EventType "team-swiss"]
[EventDate "2012.12.26"]

1. d4 d5 2. e3 Nf6 3. Bd3 e6 4. f4 Nbd7 5. Nf3 c5 6. c3 Be7 7. O-O O-O 8. Ne5
Ne8 9. Rf3 Bd6 10. Rh3 f5 11. g4 Nxe5 12. dxe5 Be7 13. g5 g6 14. Qe1 c4 15. Be2
Bc5 16. Na3 Bxa3 17. bxa3 Qb6 18. Rg3 Kf7 19. h4 Rh8 20. Rh3 Bd7 21. h5 Nc7 22.
h6 Bc6 23. Qd2 Nb5 24. Rb1 Qa5 25. Bb2 Nxa3 26. Bxa3 Qxa3 27. Qb2 Qxb2 28. Rxb2
Rab8 29. Kf2 Rhd8 30. Rh1 d4 31. Rc1 d3 32. Bd1 b5 33. Ke1 Ke7 34. Kd2 Rb6 35.
Rb4 Rdb8 36. a3 Ra6 37. Ra1 Rab6 38. Rab1 Kd7 39. Ra1 Kc7 40. Rab1 Ra8 41. Ra1
a5 42. Rbb1 Kb7 43. Rb2 b4 44. Rab1 b3 45. Ra1 1/2-1/2